Ultimate Greys Anatomy Character Quiz - Statistics

General Stats
  • This quiz has been taken 137 times
  • The average score is 30 of 45
Answer Stats
Picture Answer % Correct
Meredith Grey
98%
Alex Karev
95%
Miranda Bailey
95%
Owen Hunt
95%
Richard Webber
95%
Arizona Robbins
93%
Calliope Torres
93%
Jackson Avery
93%
April Kepner
92%
Lexie Grey
92%
Mark Sloan
90%
Cristina Yang
89%
George O'Malley
89%
Izzie Stevens
89%
Derek Shepherd
88%
Jo Wilson
88%
Preston Burke
88%
Addison Montgomery
85%
Amelia Shepherd
85%
Teddy Altman
84%
Maggie Pierce
82%
Andrew DeLuca
80%
Ben Warren
75%
Catherine Fox
75%
Erica Hahn
70%
Nathan Riggs
66%
Leah Murphy
62%
Stephanie Edwards
62%
Shane Ross
61%
Atticus Lincoln
60%
Levi Schmitt
57%
Carina DeLuca
52%
Charles Percy
52%
Reed Adamson
48%
Tom Koracick
35%
Nick Marsh
29%
Winston Ndugu
29%
Robert Stark
28%
Cormac Hayes
27%
Taryn Helm
25%
Lucas Adams
20%
Simone Griffith
17%
Benson Kwan
16%
Jules Millin
16%
Mika Yasuda
16%
No matching quizzes found
Score Distribution
Percent of People with Each Score
Percentile by Number Answered
Your Score History
You have not taken this quiz